000 00830nam a22002417a 4500
999 _c15795
_d15795
005 20220117143125.0
008 200117b ||||| |||| 00| 0 eng d
041 _aeng
043 _aa-ph---
050 1 4 _aLC1031
_b.D493 2018
100 _aDe Vera, Vince Anthony B.
245 _aOutcomes-based worktext in basic drawing for grade 4 learners
260 _cDecember 2018
300 _a102 leaves :
_billustrations ;
_c28 cm
336 _2rda content
_atext
337 _2rda media
_aunmediated
338 _2rda carrier
_avolume
502 _aThesis
_bMaster of Arts in Teaching major in Technology and Livelihood Education
_cUniversty of Rizal System-Morong
_d2018
650 0 _aCompetency-based education
650 0 _aBasic drawing--Study and teaching.
700 _aCruz, Erich D.
_edegree supervisor
942 _2lcc
_cT